Library of the University of Algiers 3
Ibrahim Sultan Cheibout
شعار جامعة الجزائر 3
مكتبة جامعة الجزائر 3
إبراهيم سلطان شيبوط

عولمة القنوات الفضائية / (رقم التسجيلة. 45623)

تفاصيل مارك
000 -LEADER
fixed length control field 01312nam a2200253Ia 4500
003 - CONTROL NUMBER IDENTIFIER
control field Ost
005 - DATE AND TIME OF LATEST TRANSACTION
control field 20260507075652.0
008 - FIXED-LENGTH DATA ELEMENTS--GENERAL INFORMATION
fixed length control field 260507s9999||||xx |||||||||||||| ||und||
020 ## - INTERNATIONAL STANDARD BOOK NUMBER
International Standard Book Number 6139339977
040 ## - CATALOGING SOURCE
Transcribing agency fsecg
041 ## - LANGUAGE CODE
Language code of text/sound track or separate title ara
082 ## - DEWEY DECIMAL CLASSIFICATION NUMBER
Classification number 384.5520956
100 ## - MAIN ENTRY--PERSONAL NAME
Personal name سلمان، عبد الباسط
Relator term مؤلف
245 #0 - TITLE STATEMENT
Title عولمة القنوات الفضائية /
Statement of responsibility, etc. عبد الباسط سلمان
260 ## - PUBLICATION, DISTRIBUTION, ETC.
Place of publication, distribution, etc. القاهرة:
Name of publisher, distributor, etc. الدارالثقافية للنشر,
Date of publication, distribution, etc. 2005
300 ## - PHYSICAL DESCRIPTION
Extent 191 صفحة؛
Other physical details إيضاحات ؛
Dimensions 24 سم
520 ## - SUMMARY, ETC.
Summary, etc. مفهوم العولمة- مظاهر العولمة وأهدافها- واقع البث الفضائي العربي- الدراما والبث التلفزيوني- الشكل والمضمون في الدراما البث التلفزيوني- الإفتراض الجديد للمرأة في البث الفضائي- العولمة في بيئة داما الطفل العربي- تحليل الأعمال.
653 ## - INDEX TERM--UNCONTROLLED
Uncontrolled term العولمة
653 ## - INDEX TERM--UNCONTROLLED
Uncontrolled term العولمة- المظاهر الثقافية- العالم العربي
653 ## - INDEX TERM--UNCONTROLLED
Uncontrolled term القنوات الفضائية- العالم العربي
653 ## - INDEX TERM--UNCONTROLLED
Uncontrolled term وسائل الإتصال والإعلام
700 ## - ADDED ENTRY--PERSONAL NAME
Personal name اكباشي، محمود
Relator term مؤلف ثانوي
942 ## - ADDED ENTRY ELEMENTS (KOHA)
Koha item type كتب
المقتنيات
Withdrawn status Lost status Source of classification or shelving scheme Damaged status Not for loan Home library Current library Date acquired Serial enumeration / chronology Inventory number Total checkouts Full call number Barcode Date last seen Price effective from Koha item type
    Library of Congress Classification   NOT LOAN / إعارة داخلية مكتبة كلية العلوم الإقتصادية والعلوم التجارية وعلوم التسيير مكتبة كلية العلوم الإقتصادية والعلوم التجارية وعلوم التسيير 07/05/2026 الطابق الأرضي 1763/1   أ/1763ن1 1763/1 07/05/2026 07/05/2026 كتب
    Dewey Decimal Classification   Available مكتبة كلية العلوم الإقتصادية والعلوم التجارية وعلوم التسيير مكتبة كلية العلوم الإقتصادية والعلوم التجارية وعلوم التسيير 07/05/2026 الطابق الثاني 1763/2   أ/1763ن2 1763/2 07/05/2026 07/05/2026 كتب

موارد الويب المفتوحة


© University of Algiers 3 All Rights Reserved
|
Implemented by LECHELAH Riad